000 00567nam a2200193Ia 4500
003 SGT
020 _a9788131710005
082 _a621.3822
_bPRO
100 _aProakis,John G
245 _aDigital signal process principal algorithms and applications
250 _a4th . Ed.
260 _bPearson
_aN.Delhi
_c2009
300 _a1136p.
490 _aELECTRONICS ENGINEERING
650 _aELECTRONICS ENGINEERING
653 _aDISCRETE TIMESIGNALS SYSTEM, TRANSFORM AND ITS APPLICATION TO THE ANALYSIS SYSTEMS
700 _aManolakis,Dimitris G
942 _2ddc
_cBK
999 _c5423
_d5423